Os 15 principais países afetados pela Covid-19 - 8 de setembro 2021 - Statistics

Estatísticas Gerais
  • Esse quiz foi jogado 13 vezes
  • A pontuação média é 16 de 26
Estatísticas das Respostas
país % Correto
Brasil
100%
Espanha
100%
Estados Unidos
100%
Índia
100%
Argentina
92%
França
92%
Reino Unido
92%
Rússia
92%
Alemanha
83%
México
83%
Colômbia
75%
Itália
75%
Indonésia
58%
Irão
58%
Suécia
58%
Chéquia
50%
Países Baixos
50%
Turquia
50%
Israel
33%
Eslovénia
25%
Estônia
25%
Lituânia
25%
Uruguai
25%
Bahrein
17%
Panamá
17%
Geórgia
8%
Nenhum quiz correspondente encontrado
Distribuição das Pontuações
Porcentagem de Pessoas com Cada Pontuação
Percentil de Números Respondidos
Sua Pontuação Histórica
Você não jogou esse quiz